000 01207nam a2200337 c 4500
003 BLK
005 20200717102439.0
008 180412b bul|||||r ||||||| ||bul||
010 _aKNG00010927000
040 _aBLK
041 _aBUL
_cBUL
080 _aАмериканска литература (на САЩ)
_b821.111(73)
_x-312.9
_z821.111(73)-312.9
100 1 _aЗан, Тимъти
_eпърви автор
_9254542
700 1 _aСтойнов, Юлиян
_eпрев.
_9363374
139 _aЗан, Тимъти
_bЗ 31
245 1 0 _aКобра
_bРоман
_cТимъти Зан; прев. Юлиян Стойнов.
257 _aUSA
260 София
_bБард
_c1996
300 _a320 с.
_c20 см
380 _aX
490 1 _aИзбрана световна фантастика
490 1 _3Подсерия
_aФантастика
_v27
500 _aОриг. загл. Cobra / Timothy Zahn. - 8 000 тир.
653 _aфантастика
653 _aромани
852 _aЦб 185344
856 4 _qpdf
_u
856 4 _qpdf
_u
942 _cKNG
_n0
_03
944 _aCR
_c15.01.2003
_lф /
_kНаталия_Медовщикова
944 _aED
_c31.10.2016
_lф /
_kЛюдмила_Стоянова
999 _c9505
_d9505